CS:GO - All S-Tier Tournaments in 2021 - Statistics

General Stats
  • This quiz has been taken 13 times
    8 since last reset
  • The average score is 98 of 156
Answer Stats
Hint Answer % Correct
apEX
100%
Astralis
100%
b1t
100%
BIG
100%
degster
100%
device
100%
3-4th electroNic
100%
FalleN
100%
FaZe
100%
frozen
100%
FURIA
100%
G2
100%
Gambit
100%
huNter-
100%
karrigan
100%
Liquid
100%
Magisk
100%
mou
100%
MOUZ
100%
NAF
100%
nafany
100%
1st Natus Vincere
100%
NiKo
100%
niko
100%
Ninjas in Pyjamas
100%
REZ
100%
ropz
100%
2nd s1mple
100%
sh1ro
100%
Stewie2K
100%
tabseN
100%
Twistzz
100%
Vitality
100%
ZywOo
100%
Aleksib
80%
amanek
80%
Ax1Le
80%
blameF
80%
3rd Boombl4
80%
Brollan
80%
buster
80%
cadiaN
80%
chopper
80%
dupreeh
80%
EliGE
80%
ENCE
80%
FL1T
80%
flamie
80%
fnatic
80%
gla1ve
80%
Grim
80%
hampus
80%
HEROIC
80%
HObbit
80%
interz
80%
JACKZ
80%
Jame
80%
k1to
80%
KRIMZ
80%
KSCERATO
80%
mantuu
80%
mir
80%
misutaaa
80%
nawwk
80%
nexa
80%
OG
80%
oSee
80%
4th Perfecto
80%
Plopski
80%
Qikert
80%
rain
80%
refrezh
80%
RpK
80%
SANJI
80%
sdy
80%
shox
80%
sjuush
80%
Spirit
80%
stavn
80%
syrsoN
80%
TeSeS
80%
tiziaN
80%
Virtus.pro
80%
Xyp9x
80%
YEKINDAR
80%
acoR
60%
AdreN
60%
arT
60%
b0RUP
60%
broky
60%
dexter
60%
dycha
60%
es3tag
60%
fame
60%
FORZE
60%
Golden
60%
hades
60%
JW
60%
k0nfig
60%
kennyS
60%
Kyojin
60%
LNZ
60%
magixx
60%
olofmeister
60%
Snappi
60%
Spinx
60%
VINI
60%
XANTARES
60%
yuurih
60%
ztr
60%
Bubzkji
40%
Bymas
40%
Entropiq
40%
flameZ
40%
Jackinho
40%
JT
40%
junior
40%
Lucky
40%
n0rb3r7
40%
NickelBack
40%
Nivera
40%
Sonic
40%
valde
40%
Aerial
20%
Akuma
20%
DemQQ
20%
El1an
20%
Extra Salt
20%
FaNg
20%
Forester
20%
gade
20%
Krad
20%
Lack1
20%
neaLaN
20%
SENSEi
20%
xseveN
20%
almazer
0%
bubble
0%
doto
0%
dream3r
0%
Fiend
0%
h4rn
0%
HAVU
0%
j3kie
0%
jemi
0%
Jerry
0%
K23
0%
KENSI
0%
MarKE
0%
Psycho
0%
REDSTAR
0%
Sergiz
0%
SHiPZ
0%
sLowi
0%
ZOREE
0%
zorte
0%
No matching quizzes found
Score Distribution
Percent of People with Each Score
Percentile by Number Answered
Your Score History
You have not taken this quiz since the last reset